000 01005nam a2200325 a 4500
001 000081744
005 20200120224622.0
008 161123s2015 sp a|||g n||| 000 cdspa d
020 _a9788416374847 (vol.3)
020 _a9788416409235 (vol.1)
020 _a9788415990970 (vol.2)
041 0 _a#spa
043 _ae-sp---
090 _aAH
_bSTRJsu
100 1 _aStraczynski, J. Michael
245 1 0 _aSuperman :
_btierra uno /
_cguión, J. Michael Straczynski ; dibujo, Ardian Syaf.
250 _a1a. ed.
260 _aBarcelona :
_bECC Ediciones,
_c2015.
300 _a[65 páginas] :
_bilustraciones.
650 1 7 _aCaricaturas
_2LEMB
650 1 7 _aCaricaturas
_xAmor
_2LEMB
650 1 7 _aCaricaturas
_xJusticia
_2LEMB
650 2 7 _aCaricaturistas
_2LEMB
650 2 7 _aTiras cómicas, historietas, etc.
_2LEMB
650 2 7 _aHumorismo gráfico
_2LEMB
650 2 7 _aNovela gráfica
_2LEMB
650 2 7 _aNovela visual
_2LEMB
650 2 7 _aFotonovela
_2LEMB
700 1 _aSyaf, Ardian,
_cilustrador
999 _c10155
_d10155